000 01191cam a2200349 i 4500
001 56843
003 Mx-PuUPA
005 20260306110851.0
008 140415s2010 mx gr 000 0 spa d
020 _a9786074298253
040 _aMx-PuUPA
_bspa
_cMx-PuUPA
_dMx-PuUPA
_erda
041 1 _aspa
_hfre
100 1 _aMalzieu, Mathias,
_d1974-
_92792
_eautor
240 1 3 _aLa mécanique du coeur.
_lEspañol
245 1 3 _aLa mecánica del corazón /
_cMathias Malzieu ; traducción de Vicenç Tuset
250 _aPrimera edición en México
264 1 _aMéxico, D.F. :
_bReservoir Books,
_c2010
300 _a173 páginas ;
_c22 cm
336 _2rdacontent
_atexto
_btxt
337 _2rdamedia
_asin medio
_bn
338 _2rdacarrier
_avolumen
_bnc
500 _aReimpresiones: (décima, febrero, 2011).
650 7 _2armarc
_aCorazón artificial
_vNovela
650 7 _2armarc
_aNovela romántica
650 7 _2armarc
_aRealismo mágico (Literatura)
655 4 _aNovela romántica
700 1 _aTuset, Vincenç
_etraductor
765 0 _aMalzieu, Mathias
_tLa mécanique du coeur
942 _2ddc
_cLI
_h843
_iM2318
999 _c56843
_d56843